San Saba, misión para los apachez (Record no. 17436)
[ view plain ]
| 000 -LEADER | |
|---|---|
| campo de control de longitud fija | 01253nam a2200277 i 4500 |
| 001 - NÚMERO DE CONTROL | |
| campo de control | 17436 |
| 003 - IDENTIFICADOR DE NÚMERO DE CONTROL | |
| campo de control | ES-MaACL |
| 005 - FECHA Y HORA DE LA ÚLTIMA TRANSACCIÓN | |
| campo de control | 20250928133105.0 |
| 007 - CAMPO FIJO DE DESCRIPCIÓN FÍSICA--INFORMACIÓN GENERAL | |
| campo de control de longitud fija | t| |
| 008 - DATOS DE LONGITUD FIJA--INFORMACIÓN GENERAL | |
| campo de control de longitud fija | 010305s2000 sp ||||1| spa d |
| 020 ## - NÚMERO INTERNACIONAL ESTÁNDAR DEL LIBRO | |
| Número Internacional Estándar del Libro | 84-89318-95-6 |
| 080 ## - NÚMERO DE LA CLASIFICACIÓN DECIMAL UNIVERSAL | |
| Número de la Clasificación Decimal Universal | 929 Romero de Terreros, Pedro, Conde de Regla |
| 080 ## - NÚMERO DE LA CLASIFICACIÓN DECIMAL UNIVERSAL | |
| Número de la Clasificación Decimal Universal | 929 Giraldo de Terreros, Alonso |
| 080 ## - NÚMERO DE LA CLASIFICACIÓN DECIMAL UNIVERSAL | |
| Número de la Clasificación Decimal Universal | 266 (764)"17" |
| 100 1# - ENTRADA PRINCIPAL--NOMBRE DE PERSONA | |
| Nombre de persona | Romero de Terreros, Juan. |
| 9 (RLIN) | 99377 |
| 245 10 - MENCIÓN DEL TÍTULO | |
| Título | San Saba, misión para los apachez |
| Resto del título | : el plan Terreros para consolidar la frontera norte de Nueva España : lección de ingreso como amigo de número leída el día 28 de febrero de 2000 / |
| Mención de responsabilidad, etc. | por D. Juan M. Romero de Terreros de Castilla y palabras de recepción de D. Eric Beerman. |
| 260 ## - PUBLICACIÓN, DISTRIBUCIÓN, ETC. | |
| Lugar de publicación, distribución, etc. | Madrid : |
| Nombre del editor, distribuidor, etc. | Sociedad Bascongada de los Amigos del País, Delegación en Corte, |
| Fecha de publicación, distribución, etc. | 2000. |
| 300 ## - DESCRIPCIÓN FÍSICA | |
| Extensión | 143 p. : |
| Otras características físicas | il. ; |
| Dimensiones | 21 cm. |
| 600 04 - PUNTO DE ACCESO ADICIONAL DE MATERIA--NOMBRE DE PERSONA | |
| Nombre de persona | Romero de Terreros, Pedro, |
| Títulos y otros términos asociados al nombre | Conde de Regla |
| 9 (RLIN) | 99380 |
| 600 04 - PUNTO DE ACCESO ADICIONAL DE MATERIA--NOMBRE DE PERSONA | |
| Nombre de persona | Giraldo de Terreros, Alonso, |
| Fechas asociadas al nombre | 1699-1758 |
| 9 (RLIN) | 57196 |
| 650 #4 - PUNTO DE ACCESO ADICIONAL DE MATERIA--TÉRMINO DE MATERIA | |
| Término de materia o nombre geográfico como elemento de entrada | Misiones- |
| Subdivisión geográfica | Texas- |
| Subdivisión cronológica | S.XVIII. |
| 9 (RLIN) | 15083 |
| 700 1# - ENTRADA AGREGADA--NOMBRE PERSONAL | |
| Nombre de persona | Beerman, Eric. |
| 9 (RLIN) | 27025 |
| 710 2# - ENTRADA AGREGADA--NOMBRE DE ENTIDAD CORPORATIVA | |
| Nombre de entidad corporativa o nombre de jurisdicción como elemento de entrada | Real Sociedad Bascongada de los Amigos del País. |
| Unidad subordinada | Delegación en Corte |
| 9 (RLIN) | 6371 |
| 852 ## - LOCALIZACIÓN | |
| Ubicación | ES-MaACL |
| Número de control de estantería | L-24367 |
| Sublocalización o colección | R.129312 |
| Estatus retirado | Estado de pérdida | Estado de daño | No para préstamo | Biblioteca de origen | Biblioteca actual | Ubicación en estantería | Fecha de adquisición | Fuente de adquisición | Total de préstamos | Signatura topográfica completa | Código de barras | Visto por última vez | Precio de reemplazo | Tipo de ítem Koha |
|---|---|---|---|---|---|---|---|---|---|---|---|---|---|---|
| Biblioteca del Ateneo de Madrid | Biblioteca del Ateneo de Madrid | Depósito 2 | 17/01/2008 | L-24367 | 1017789 | 23/02/2023 | 23/02/2023 | Libro impreso |
